[Event "IECC KO-4019"]
[Site "IECC email"]
[Date "2005.05.03"]
[Round "?"]
[White "Dayants, Vladimir"]
[Black "Maquinay, Jacques"]
[Result "1-0"]
[WhiteElo "2053"]
[BlackElo "1571"]
[PlyCount "31"]
[EventDate "2005.??.??"]
[EventType "match (corr)"]
[EventRounds "2"]
[SourceTitle "Corr 2020"]
[Source "ChessBase"]
[SourceDate "2019.09.30"]
[SourceVersion "1"]
[SourceVersionDate "2019.09.30"]
[SourceQuality "1"]
[WhiteTeam "Armenia"]
[BlackTeam "Belgium"]
[WhiteTeamCountry "ARM"]
[BlackTeamCountry "BEL"]

1. e4 d5 2. exd5 Nf6 3. c4 e6 4. dxe6 Bxe6 5. d4 Bb4+ 6. Bd2 Qe7 7. Qe2 Nc6 8. Nf3 0-0-0 9. d5 Rhe8 10. dxe6 Qc5 11. Nc3 Rxd2 12. Qxd2 Rxe6+ 13. Kd1 Bxc3 14. Qxc3 Ne4 15. Qxg7 Nxf2+ 16. Kc1 1-0

[Event "IECC KO-4019"]
[Site "IECC email"]
[Date "2005.05.03"]
[Round "?"]
[White "Maquinay, Jacques"]
[Black "Dayants, Vladimir"]
[Result "0-1"]
[WhiteElo "1573"]
[BlackElo "2101"]
[PlyCount "28"]
[EventDate "2005.??.??"]
[EventType "match (corr)"]
[EventRounds "2"]
[SourceTitle "Corr 2020"]
[Source "ChessBase"]
[SourceDate "2019.09.30"]
[SourceVersion "1"]
[SourceVersionDate "2019.09.30"]
[SourceQuality "1"]
[WhiteTeam "Belgium"]
[BlackTeam "Armenia"]
[WhiteTeamCountry "BEL"]
[BlackTeamCountry "ARM"]

1. d4 Nf6 2. Nf3 g6 3. Nc3 d5 4. Bf4 Bg7 5. e3 Nh5 6. Bg5 h6 7. Bh4 c6 8. Bd3 Nd7 9. 0-0 g5 10. Bg3 Nxg3 11. fxg3 e5 12. Nxe5 Nxe5 13. dxe5 h5 14. Qf3 Qc7 0-1

[Event "IECC KO-5047"]
[Site "IECC email"]
[Date "2005.02.18"]
[Round "?"]
[White "Maquinay, Jacques"]
[Black "Bielewicz, Julian"]
[Result "0-1"]
[WhiteElo "1651"]
[BlackElo "1118"]
[PlyCount "20"]
[EventDate "2005.??.??"]
[EventType "match (corr)"]
[EventRounds "2"]
[SourceTitle "Corr 2020"]
[Source "ChessBase"]
[SourceDate "2019.09.30"]
[SourceVersion "1"]
[SourceVersionDate "2019.09.30"]
[SourceQuality "1"]
[WhiteTeam "Belgium"]
[BlackTeam "Australia"]
[WhiteTeamCountry "BEL"]
[BlackTeamCountry "AUS"]

1. Nf3 d5 2. d4 Nf6 3. e3 c5 4. c3 e6 5. Nbd2 Nc6 6. Bd3 Bd6 7. 0-0 0-0 8. Qe2 Nd7 9. e4 cxd4 10. cxd4 Nb4 0-1

[Event "TH-S-0102"]
[Site "IECC email"]
[Date "2005.02.17"]
[Round "?"]
[White "Maquinay, Jacques"]
[Black "Chadwick, Charles"]
[Result "0-1"]
[WhiteElo "1674"]
[BlackElo "1790"]
[PlyCount "22"]
[EventDate "2005.??.??"]
[EventType "tourn (corr)"]
[SourceTitle "Corr 2020"]
[Source "ChessBase"]
[SourceDate "2019.09.30"]
[SourceVersion "1"]
[SourceVersionDate "2019.09.30"]
[SourceQuality "1"]
[WhiteTeam "Belgium"]
[BlackTeam "Australia"]
[WhiteTeamCountry "BEL"]
[BlackTeamCountry "AUS"]

1. e4 c6 2. d4 d5 3. Nc3 g6 4. Nf3 Bg7 5. Bf4 Bg4 6. exd5 cxd5 7. h3 Bxf3 8. Qxf3 Nf6 9. Nb5 Na6 10. Nc3 Nb4 11. a3 Nxc2+ 0-1

[Event "IECC KO-3042"]
[Site "IECC email"]
[Date "2005.02.14"]
[Round "?"]
[White "Van Laar, Jan"]
[Black "Maquinay, Jacques"]
[Result "1-0"]
[WhiteElo "1907"]
[BlackElo "1663"]
[PlyCount "23"]
[EventDate "2004.??.??"]
[EventType "match (corr)"]
[EventRounds "2"]
[SourceTitle "Corr 2020"]
[Source "ChessBase"]
[SourceDate "2019.09.30"]
[SourceVersion "1"]
[SourceVersionDate "2019.09.30"]
[SourceQuality "1"]
[WhiteTeam "Netherlands"]
[BlackTeam "Belgium"]
[WhiteTeamCountry "NED"]
[BlackTeamCountry "BEL"]

1. e4 d5 2. exd5 Nf6 3. d4 Bg4 4. Nf3 Qxd5 5. Be2 Nc6 6. h3 Bxf3 7. Bxf3 Qd7 8. 0-0 0-0-0 9. c3 e5 10. Qb3 exd4 11. cxd4 Nd5 12. Nc3 1-0

[Event "IECC KO-3043"]
[Site "IECC email"]
[Date "2005.01.31"]
[Round "?"]
[White "Maquinay, Jacques"]
[Black "Basson, Heinrich"]
[Result "0-1"]
[WhiteElo "1620"]
[BlackElo "1683"]
[PlyCount "72"]
[EventDate "2005.??.??"]
[EventType "match (corr)"]
[EventRounds "2"]
[SourceTitle "Corr 2020"]
[Source "ChessBase"]
[SourceDate "2019.09.30"]
[SourceVersion "1"]
[SourceVersionDate "2019.09.30"]
[SourceQuality "1"]
[WhiteTeam "Belgium"]
[BlackTeam "South Africa"]
[WhiteTeamCountry "BEL"]
[BlackTeamCountry "RSA"]

1. d4 d5 2. Nf3 Nf6 3. Nc3 e6 4. Bg5 Bb4 5. a3 Bxc3+ 6. bxc3 c5 7. dxc5 Nc6 8. e4 Qa5 9. Bxf6 gxf6 10. exd5 Qxc3+ 11. Nd2 exd5 12. Bd3 Bg4 13. f3 Be6 14. Rb1 Qxa3 15. Rxb7 Nd8 16. Rb1 Qxc5 17. c4 dxc4 18. Bxc4 0-0 19. Bxe6 fxe6 20. Ne4 Qe3+ 21. Qe2 Qxe2+ 22. Kxe2 Kf7 23. Nd6+ Kg6 24. Rb4 h5 25. Ra4 Nf7 26. Nxf7 Rxf7 27. Rha1 Rc7 28. R1a2 e5 29. Ke3 Kf5 30. Ra6 h4 31. R2a3 Rc2 32. g4+ Kg6 33. Rxa7 Rxa7 34. Rxa7 Rxh2 35. Ra8 Rh3 36. Rh8 Rh1 0-1

[Event "IECC KO-3032"]
[Site "IECC email"]
[Date "2004.08.09"]
[Round "?"]
[White "Khachab, Ibrahim"]
[Black "Maquinay, Jacques"]
[Result "0-1"]
[WhiteElo "1819"]
[BlackElo "1643"]
[PlyCount "62"]
[EventDate "2003.??.??"]
[EventType "match (corr)"]
[EventRounds "2"]
[SourceTitle "Corr 2020"]
[Source "ChessBase"]
[SourceDate "2019.09.30"]
[SourceVersion "1"]
[SourceVersionDate "2019.09.30"]
[SourceQuality "1"]
[WhiteTeam "Italy"]
[BlackTeam "Belgium"]
[WhiteTeamCountry "ITA"]
[BlackTeamCountry "BEL"]

1. e4 d5 2. exd5 Nf6 3. c4 e6 4. dxe6 Bxe6 5. Nf3 Qe7 6. Qe2 Nc6 7. d4 Bg4 8. Be3 0-0-0 9. d5 Ne5 10. Nbd2 Bf5 11. Nxe5 Qxe5 12. Nf3 Bb4+ 13. Kd1 Qe4 14. Kc1 Rhe8 15. a3 Bd6 16. g3 Ng4 17. Bg2 Nxe3 18. fxe3 Bc5 19. Kd1 Rxd5+ 20. cxd5 Qa4+ 21. Ke1 Rxe3 22. Qxe3 Bxe3 23. Rd1 Qc2 24. Rf1 Bd3 25. Rxd3 Qxd3 26. Bh3+ Kb8 27. d6 cxd6 28. Bd7 f5 29. Be6 g5 30. g4 fxg4 31. Bxg4 Qc2 0-1

[Event "IECC TH-M-2327"]
[Site "IECC email"]
[Date "2003.12.22"]
[Round "?"]
[White "Maquinay, Jacques"]
[Black "Smith, Micheal"]
[Result "1-0"]
[WhiteElo "1667"]
[BlackElo "1621"]
[PlyCount "23"]
[EventDate "2003.??.??"]
[EventType "tourn (corr)"]
[SourceTitle "Corr 2020"]
[Source "ChessBase"]
[SourceDate "2019.09.30"]
[SourceVersion "1"]
[SourceVersionDate "2019.09.30"]
[SourceQuality "1"]
[WhiteTeam "Belgium"]
[BlackTeam "United States"]
[WhiteTeamCountry "BEL"]
[BlackTeamCountry "USA"]

1. e4 d5 2. exd5 Nf6 3. c4 e6 4. Qa4+ Bd7 5. Qb3 Na6 6. d4 Bb4+ 7. Nc3 Qe7 8. dxe6 Bxe6 9. Be2 0-0-0 10. Nf3 b5 11. Ne5 bxc4 12. Bxc4 1-0

[Event "IECC TH-M-2328"]
[Site "IECC email"]
[Date "2003.12.22"]
[Round "?"]
[White "Smith, Micheal"]
[Black "Maquinay, Jacques"]
[Result "0-1"]
[WhiteElo "1608"]
[BlackElo "1680"]
[PlyCount "22"]
[EventDate "2003.??.??"]
[EventType "tourn (corr)"]
[SourceTitle "Corr 2020"]
[Source "ChessBase"]
[SourceDate "2019.09.30"]
[SourceVersion "1"]
[SourceVersionDate "2019.09.30"]
[SourceQuality "1"]
[WhiteTeam "United States"]
[BlackTeam "Belgium"]
[WhiteTeamCountry "USA"]
[BlackTeamCountry "BEL"]

1. e4 d5 2. exd5 Nf6 3. d4 Bg4 4. Nf3 Qxd5 5. Nc3 Qf5 6. Bd3 Qh5 7. Be2 Nc6 8. h3 0-0-0 9. Be3 e5 10. Qd3 e4 11. Nxe4 Nb4 0-1

[Event "TH-S-0016"]
[Site "IECC email"]
[Date "2003.12.08"]
[Round "?"]
[White "Chadwick, Charles"]
[Black "Maquinay, Jacques"]
[Result "0-1"]
[WhiteElo "1859"]
[BlackElo "1603"]
[PlyCount "84"]
[EventDate "2003.??.??"]
[EventType "tourn (corr)"]
[SourceTitle "Corr 2020"]
[Source "ChessBase"]
[SourceDate "2019.09.30"]
[SourceVersion "1"]
[SourceVersionDate "2019.09.30"]
[SourceQuality "1"]
[WhiteTeam "Australia"]
[BlackTeam "Belgium"]
[WhiteTeamCountry "AUS"]
[BlackTeamCountry "BEL"]

1. d4 f5 2. Bg5 h6 3. Bh4 c5 4. e3 Qb6 5. Nf3 Qxb2 6. Nbd2 cxd4 7. Nxd4 g6 8. Bc4 Bg7 9. Rb1 Qa3 10. Nxf5 gxf5 11. Qh5+ Kd8 12. Bxg8 Rxg8 13. Qf7 Re8 14. Qxg7 Qxa2 15. c4 Nc6 16. Ke2 Qa3 17. Qxh6 Qa6 18. Qf4 Rf8 19. Rb5 Qa4 20. Rxf5 Rxf5 21. Qxf5 d6 22. Qf8+ Kc7 23. Qg7 Be6 24. Qc3 Kd7 25. Bg3 Qa5 26. Rc1 Rc8 27. h4 Qh5+ 28. Ke1 Na5 29. Qb4 Ke8 30. e4 b6 31. e5 Nc6 32. Qb5 a6 33. Qxb6 Nxe5 34. Qe3 Rc5 35. f4 Qh6 36. Qa3 Nxc4 37. Qxa6 Qg7 38. Qa8+ Kf7 39. Bf2 Qb2 40. Rd1 Rd5 41. Nxc4 Rxd1+ 42. Kxd1 Bg4+ 0-1

[Event "TH-S-0018"]
[Site "IECC email"]
[Date "2003.12.08"]
[Round "?"]
[White "Chadwick, Charles"]
[Black "Maquinay, Jacques"]
[Result "1-0"]
[WhiteElo "1820"]
[BlackElo "1612"]
[PlyCount "45"]
[EventDate "2003.??.??"]
[EventType "tourn (corr)"]
[SourceTitle "Corr 2020"]
[Source "ChessBase"]
[SourceDate "2019.09.30"]
[SourceVersion "1"]
[SourceVersionDate "2019.09.30"]
[SourceQuality "1"]
[WhiteTeam "Australia"]
[BlackTeam "Belgium"]
[WhiteTeamCountry "AUS"]
[BlackTeamCountry "BEL"]

1. Nf3 d5 2. g3 c5 3. Bg2 Nc6 4. 0-0 e6 5. d3 f5 6. Nbd2 Nf6 7. c4 d4 8. Nb3 Bd6 9. Re1 0-0 10. e3 dxe3 11. Bxe3 e5 12. Bxc5 Bxc5 13. Nxc5 Re8 14. Qd2 b6 15. Nb3 Bb7 16. Nxe5 Rxe5 17. Rxe5 Nxe5 18. Bxb7 Rb8 19. Bg2 Rc8 20. Rd1 Qd7 21. f4 Ng6 22. h3 Rd8 23. d4 1-0

[Event "IECC CL4-2003.27 email"]
[Site "IECC email"]
[Date "2003.11.29"]
[Round "?"]
[White "Postlethwaite, Craig"]
[Black "Maquinay, Jacques"]
[Result "1-0"]
[WhiteElo "1693"]
[BlackElo "1693"]
[PlyCount "57"]
[EventDate "2003.??.??"]
[EventType "tourn (corr)"]
[EventRounds "4"]
[SourceTitle "Corr 2008"]
[Source "ChessBase"]
[SourceDate "2008.06.24"]
[SourceVersion "1"]
[SourceVersionDate "2008.06.24"]
[SourceQuality "1"]

1. d4 e6 2. c4 f5 3. g3 Nf6 4. Bg2 c6 5. Nf3 d5 6. 0-0 Bd6 7. b3 b5 8. Nbd2 0-0 9. Ne5 Ne4 10. Ndf3 bxc4 11. bxc4 Ba6 12. Qc2 Qc7 13. Re1 Nd7 14. Nxd7 Qxd7 15. c5 Bc7 16. Rb1 Ba5 17. Bd2 Nxd2 18. Nxd2 Qf7 19. e3 e5 20. dxe5 Qe7 21. Red1 Bxd2 22. Rxd2 Qxe5 23. Qa4 Bb5 24. Qd4 Qxd4 25. exd4 Rae8 26. Bxd5+ cxd5 27. Rxb5 Re6 28. Rb7 a5 29. Rdb2 1-0

[Event "IECC TH-M-2307"]
[Site "IECC email"]
[Date "2003.11.27"]
[Round "?"]
[White "Chadwick, Charles"]
[Black "Maquinay, Jacques"]
[Result "1/2-1/2"]
[WhiteElo "1789"]
[BlackElo "1645"]
[PlyCount "90"]
[EventDate "2003.??.??"]
[EventType "tourn (corr)"]
[SourceTitle "Corr 2020"]
[Source "ChessBase"]
[SourceDate "2019.09.30"]
[SourceVersion "1"]
[SourceVersionDate "2019.09.30"]
[SourceQuality "1"]
[WhiteTeam "Australia"]
[BlackTeam "Belgium"]
[WhiteTeamCountry "AUS"]
[BlackTeamCountry "BEL"]

1. d4 d5 2. Nf3 Nf6 3. e3 e6 4. Bd3 b6 5. 0-0 Bb7 6. b3 Nbd7 7. Bb2 Bd6 8. Ne5 0-0 9. Nd2 c5 10. f4 Qc7 11. Qe2 Ne4 12. Bxe4 dxe4 13. Nxd7 Qxd7 14. c4 cxd4 15. Bxd4 f5 16. Rad1 Qe7 17. g3 Ba6 18. Nb1 Rad8 19. Kf2 e5 20. fxe5 Bxe5 21. Bxe5 Qxe5 22. Kg2 Bb7 23. Rxd8 Rxd8 24. Na3 Qa5 25. Nb1 Rd6 26. Qc2 Rd3 27. Qe2 g6 28. Kf2 b5 29. cxb5 Qxb5 30. Rc1 Qb6 31. Na3 Ba6 32. Nc4 Qf6 33. Rc2 h5 34. Qe1 h4 35. Qb4 g5 36. Qb8+ Rd8 37. Qe5 hxg3+ 38. Kxg3 Qh6 39. Rd2 f4+ 40. exf4 Qh4+ 41. Kg2 Qg4+ 42. Kh1 Qf3+ 43. Kg1 Rxd2 44. Qe8+ Kg7 45. Qe7+ Kh8 1/2-1/2

[Event "IECC KO email"]
[Site "IECC email"]
[Date "2003.06.23"]
[Round "?"]
[White "Maquinay, Jacques"]
[Black "Reinders, John"]
[Result "1-0"]
[WhiteElo "1633"]
[BlackElo "1534"]
[PlyCount "57"]
[EventDate "2003.??.??"]
[EventType "tourn (corr)"]
[EventRounds "6"]
[SourceTitle "Corr 2008"]
[Source "ChessBase"]
[SourceDate "2008.06.24"]
[SourceVersion "1"]
[SourceVersionDate "2008.06.24"]
[SourceQuality "1"]

1. d4 f5 2. Bg5 g6 3. Nd2 Nh6 4. e4 Nf7 5. Be3 fxe4 6. Nxe4 d5 7. Nc5 Bg7 8. c3 0-0 9. Nf3 e5 10. Nxe5 Nxe5 11. dxe5 Bxe5 12. Be2 b6 13. Nd3 Bg7 14. Qd2 c6 15. 0-0-0 Bf5 16. h4 h5 17. g4 Bxg4 18. Bxg4 hxg4 19. h5 Nd7 20. Nf4 gxh5 21. Ne6 Qe7 22. Nxg7 Qxg7 23. Rxh5 Qe7 24. Rg5+ Kf7 25. Bd4 Qd6 26. Re1 Nf6 27. Rf5 Rae8 28. Rxf6+ Qxf6 29. Bxf6 1-0

[Event "IECC KO email"]
[Site "IECC email"]
[Date "2003.06.23"]
[Round "?"]
[White "Reinders, John"]
[Black "Maquinay, Jacques"]
[Result "1-0"]
[WhiteElo "1540"]
[BlackElo "1644"]
[PlyCount "65"]
[EventDate "2003.??.??"]
[EventType "tourn (corr)"]
[EventRounds "6"]
[SourceTitle "Corr 2008"]
[Source "ChessBase"]
[SourceDate "2008.06.24"]
[SourceVersion "1"]
[SourceVersionDate "2008.06.24"]
[SourceQuality "1"]

1. e4 d5 2. exd5 Nf6 3. Bb5+ Bd7 4. Bc4 Bg4 5. f3 Bf5 6. g4 Bg6 7. Nc3 c6 8. dxc6 Nxc6 9. d3 e5 10. h4 h6 11. Be3 Qa5 12. h5 Bh7 13. Qd2 Nd4 14. Bxd4 exd4 15. Nd5 Qxd2+ 16. Kxd2 Nxd5 17. Bxd5 Bb4+ 18. c3 dxc3+ 19. bxc3 Be7 20. Bxb7 Rb8 21. Rb1 Bg5+ 22. Kc2 0-0 23. Nh3 Be3 24. Be4 f5 25. Rxb8 Rxb8 26. gxf5 Rb5 27. Re1 Bb6 28. Nf4 Bxf5 29. Bd5+ Kf8 30. Re5 Bh7 31. a4 Ra5 32. Kb3 Ra6 33. Kb4 1-0

[Event "IECC KO email"]
[Site "IECC email"]
[Date "2003.02.26"]
[Round "?"]
[White "Hess, John"]
[Black "Maquinay, Jacques"]
[Result "1/2-1/2"]
[WhiteElo "1941"]
[BlackElo "1603"]
[PlyCount "81"]
[EventDate "2003.??.??"]
[EventType "tourn (corr)"]
[EventRounds "6"]
[SourceTitle "Corr 2008"]
[Source "ChessBase"]
[SourceDate "2008.06.24"]
[SourceVersion "1"]
[SourceVersionDate "2008.06.24"]
[SourceQuality "1"]

1. Nf3 Nf6 2. g3 b5 3. Bg2 Bb7 4. 0-0 e6 5. d3 Be7 6. e4 d6 7. Nd4 Qd7 8. f4 c5 9. Nb3 a5 10. Bd2 b4 11. Be3 a4 12. Nc1 Nc6 13. a3 e5 14. axb4 cxb4 15. c4 b3 16. Ne2 0-0 17. Qd2 Ng4 18. Bh3 f5 19. Bxg4 fxg4 20. f5 d5 21. cxd5 Nb4 22. Nbc3 Nc2 23. Rab1 Nxe3 24. Qxe3 Rfc8 25. d4 Qe8 26. Kh1 exd4 27. Nxd4 Bc5 28. Qd2 Qe5 29. Ne6 Bf8 30. Rf4 Be7 31. Rxg4 Bf6 32. Qd1 Rxc3 33. bxc3 Qxc3 34. Nxg7 Bxg7 35. Rc1 Qe5 36. f6 b2 37. Rxg7+ Kh8 38. Re7 bxc1Q 39. Qxc1 Qxf6 40. Rxb7 a3 41. Rc7 1/2-1/2

[Event "IECC TH-M email"]
[Site "IECC email"]
[Date "2003.01.30"]
[Round "?"]
[White "Torre, Leandro"]
[Black "Maquinay, Jacques"]
[Result "1/2-1/2"]
[WhiteElo "1525"]
[BlackElo "1612"]
[PlyCount "53"]
[EventDate "2003.??.??"]
[EventType "match (corr)"]
[EventRounds "2"]
[SourceTitle "Corr 2008"]
[Source "ChessBase"]
[SourceDate "2008.06.24"]
[SourceVersion "1"]
[SourceVersionDate "2008.06.24"]
[SourceQuality "1"]

1. e4 d5 2. exd5 Nf6 3. d4 Bg4 4. Bb5+ Nbd7 5. f3 Bf5 6. c4 e6 7. dxe6 Bxe6 8. Nc3 Bb4 9. d5 Bf5 10. Nge2 0-0 11. Bxd7 Nxd7 12. 0-0 Ne5 13. Kh1 Nxc4 14. Qd4 Bxc3 15. bxc3 b5 16. Ng3 Bg6 17. a4 a6 18. Bf4 Re8 19. axb5 axb5 20. Kg1 f6 21. Rxa8 Qxa8 22. Bxc7 Ne3 23. d6 Nxf1 24. Nxf1 Qc6 25. d7 Qxc7 26. dxe8Q+ Bxe8 27. Ne3 1/2-1/2

[Event "IECC M email"]
[Site "IECC email"]
[Date "2003.01.02"]
[Round "?"]
[White "Maquinay, Jacques"]
[Black "Guelker, Lorenz"]
[Result "0-1"]
[WhiteElo "1610"]
[BlackElo "1394"]
[PlyCount "72"]
[EventDate "2003.??.??"]
[EventType "tourn (corr)"]
[EventRounds "6"]
[SourceTitle "Corr 2008"]
[Source "ChessBase"]
[SourceDate "2008.06.24"]
[SourceVersion "1"]
[SourceVersionDate "2008.06.24"]
[SourceQuality "1"]

1. d4 d5 2. Bg5 h6 3. Bh4 Bg4 4. c3 Nf6 5. Bxf6 exf6 6. Qb3 b6 7. e3 a5 8. Bd3 c6 9. c4 a4 10. Qc2 Bb4+ 11. Nc3 dxc4 12. Bxc4 0-0 13. a3 Bxc3+ 14. bxc3 Be6 15. Bxe6 fxe6 16. Nf3 Qe7 17. c4 c5 18. Qe4 Nd7 19. 0-0 e5 20. d5 f5 21. Qh4 Qxh4 22. Nxh4 g5 23. Ng6 Rf6 24. Ne7+ Kf7 25. Nc6 e4 26. f3 exf3 27. gxf3 g4 28. fxg4 fxg4 29. Rxf6+ Kxf6 30. Rf1+ Kg6 31. e4 Re8 32. Rf5 Rxe4 33. Rf2 Rxc4 34. Ne7+ Kg7 35. Nf5+ Kh8 36. Nxh6 Kh7 0-1

[Event "IECC KO email"]
[Site "IECC email"]
[Date "2002.12.12"]
[Round "?"]
[White "Maquinay, Jacques"]
[Black "Lefebvre, Jean Pierre"]
[Result "1-0"]
[WhiteElo "1585"]
[BlackElo "1922"]
[PlyCount "37"]
[EventDate "2002.??.??"]
[EventType "tourn (corr)"]
[EventRounds "6"]
[SourceTitle "Corr 2008"]
[Source "ChessBase"]
[SourceDate "2008.06.24"]
[SourceVersion "1"]
[SourceVersionDate "2008.06.24"]
[SourceQuality "1"]

1. d4 Nf6 2. Nf3 d5 3. e3 e6 4. Bd3 c5 5. c3 Nc6 6. Nbd2 Be7 7. 0-0 0-0 8. dxc5 Bxc5 9. e4 d4 10. Nb3 Qd6 11. e5 Nxe5 12. Nxe5 Qxe5 13. cxd4 Bxd4 14. Nxd4 Rd8 15. Nf3 Qd6 16. Bc2 Qc7 17. Bf4 Qb6 18. Qc1 Bd7 19. Bc7 1-0

[Event "IECC M email"]
[Site "IECC email"]
[Date "2002.12.03"]
[Round "?"]
[White "Guelker, Lorenz"]
[Black "Maquinay, Jacques"]
[Result "1/2-1/2"]
[WhiteElo "1386"]
[BlackElo "1587"]
[PlyCount "88"]
[EventDate "2002.??.??"]
[EventType "tourn (corr)"]
[EventRounds "6"]
[SourceTitle "Corr 2008"]
[Source "ChessBase"]
[SourceDate "2008.06.24"]
[SourceVersion "1"]
[SourceVersionDate "2008.06.24"]
[SourceQuality "1"]

1. d4 Nf6 2. Nf3 e6 3. Bg5 c5 4. Nc3 cxd4 5. Nxd4 d5 6. e4 dxe4 7. Nxe4 Qa5+ 8. Qd2 Bb4 9. Bb5+ Bd7 10. Nxf6+ gxf6 11. c3 Bxc3 12. Qxc3 Qxc3+ 13. bxc3 fxg5 14. 0-0 a6 15. Bd3 Nc6 16. h3 Nxd4 17. cxd4 Rd8 18. Rab1 Bc6 19. Rfc1 Ke7 20. Rc4 Rd7 21. Kh2 Bb5 22. Rc3 Bxd3 23. Rxd3 Rc8 24. a4 h5 25. Rb4 Rc6 26. Rdb3 Rcd6 27. Rxb7 Rxd4 28. Rxd7+ Rxd7 29. Rb6 a5 30. Rb5 Rd5 31. Rb7+ Kd6 32. Rxf7 Rd4 33. Rg7 g4 34. Rg5 Rxa4 35. Rxh5 gxh3 36. gxh3 e5 37. Kg3 Kd5 38. h4 Rf4 39. Rh8 a4 40. h5 Ke6 41. Ra8 Kf5 42. f3 Kg5 43. Ra5 a3 44. Rxa3 Kxh5 1/2-1/2

[Event "IECC KO email"]
[Site "IECC email"]
[Date "2002.11.07"]
[Round "?"]
[White "Van Gimst, Herman"]
[Black "Maquinay, Jacques"]
[Result "0-1"]
[WhiteElo "1167"]
[BlackElo "1608"]
[PlyCount "34"]
[EventDate "2002.??.??"]
[EventType "tourn (corr)"]
[EventRounds "6"]
[SourceTitle "Corr 2008"]
[Source "ChessBase"]
[SourceDate "2008.06.24"]
[SourceVersion "1"]
[SourceVersionDate "2008.06.24"]
[SourceQuality "1"]

1. d4 f5 2. c4 Nf6 3. g3 g6 4. Nc3 Bg7 5. Nf3 d6 6. Bg5 Ne4 7. Nxe4 fxe4 8. Nh4 0-0 9. Qd2 d5 10. Bh6 Bxh6 11. Qxh6 c6 12. cxd5 Qa5+ 13. Kd1 Qxd5 14. e3 Bg4+ 15. Be2 Bxe2+ 16. Kxe2 Qb5+ 17. Kd1 Rxf2 0-1

[Event "IECC TH-M email"]
[Site "IECC email"]
[Date "2002.11.05"]
[Round "?"]
[White "Lixa, Alberto JP"]
[Black "Maquinay, Jacques"]
[Result "1-0"]
[WhiteElo "1573"]
[BlackElo "1628"]
[PlyCount "93"]
[EventDate "2002.??.??"]
[EventType "match (corr)"]
[EventRounds "2"]
[SourceTitle "Corr 2008"]
[Source "ChessBase"]
[SourceDate "2008.06.24"]
[SourceVersion "1"]
[SourceVersionDate "2008.06.24"]
[SourceQuality "1"]

1. e4 d5 2. exd5 Nf6 3. d4 Bg4 4. Bb5+ c6 5. Be2 Bxe2 6. Nxe2 Qxd5 7. 0-0 e6 8. Nbc3 Qa5 9. Qd3 Bd6 10. Ng3 Nbd7 11. Nge4 Nxe4 12. Qxe4 Nf6 13. Qd3 Qh5 14. h3 0-0-0 15. Be3 Rhe8 16. Rad1 Re7 17. Rfe1 Red7 18. a3 Bc7 19. b4 e5 20. Ne2 exd4 21. Bxd4 Kb8 22. c3 h6 23. Ng3 Qd5 24. Qe3 Qa2 25. Ra1 Qc4 26. Bxa7+ Kc8 27. Bd4 Nd5 28. Qe2 Qxe2 29. Nxe2 f6 30. g3 g5 31. c4 Nb6 32. c5 Nd5 33. Nc3 Nxb4 34. Bxf6 Nc2 35. Bxd8 Rxd8 36. Ne4 Nxa1 37. Rxa1 Rd4 38. Re1 Ba5 39. Re3 b6 40. Kg2 bxc5 41. Nxc5 Rd5 42. Re8+ Kc7 43. Ne4 Rd4 44. Re7+ Rd7 45. Rxd7+ Kxd7 46. f4 Ke6 47. fxg5 1-0

[Event "IECC KO email"]
[Site "IECC email"]
[Date "2002.08.23"]
[Round "?"]
[White "Meetze, Bill"]
[Black "Maquinay, Jacques"]
[Result "1/2-1/2"]
[WhiteElo "1399"]
[BlackElo "1585"]
[PlyCount "80"]
[EventDate "2002.??.??"]
[EventType "tourn (corr)"]
[EventRounds "6"]
[SourceTitle "Corr 2008"]
[Source "ChessBase"]
[SourceDate "2008.06.24"]
[SourceVersion "1"]
[SourceVersionDate "2008.06.24"]
[SourceQuality "1"]

1. d4 f5 2. e4 fxe4 3. Nc3 Nf6 4. Bg5 Nc6 5. d5 Ne5 6. Qd4 Nf7 7. Bxf6 exf6 8. Nxe4 f5 9. Ng3 Qe7+ 10. Be2 g6 11. Nf3 Bh6 12. Qc3 Qd6 13. 0-0 0-0 14. Rfd1 Re8 15. Bb5 Bg7 16. Qb3 b6 17. Bc4 Bb7 18. Re1 a5 19. Rxe8+ Rxe8 20. Rc1 a4 21. Qxa4 Bxb2 22. Rd1 Ne5 23. Nxe5 Bxe5 24. Qb3 Ra8 25. a4 Ra5 26. Bb5 Ba6 27. Bxa6 Rxa6 28. Nf1 Kg7 29. c4 Ra8 30. Re1 Re8 31. Re3 Re7 32. Qc2 Bd4 33. Rd3 Qe5 34. Rd1 Bc5 35. Nd2 h6 36. Rf1 Qe2 37. Qc3+ Kh7 38. h3 Re3 39. fxe3 Bxe3+ 40. Kh2 Bxd2 1/2-1/2